02787nam a2200445 i 4500003001000000005001700010007000300027008004100030020001800071020001500089040003500104041001300139082001800152100004200170245017200212250002200384264005400406300004900460336002700509337003300536338002800569505023300597521005300830650005000883650003500933650005300968650005701021700004401078942001201122999001701134952013301151952013401284952013101418952013501549952013301684952013101817952013101948952012902079952013302208CO-BoRNBP20250226104246.0ta231009t2019 ck a|||g| 001 0|spa | a9789584277251 a9584277251 aCO-BoRNBPbspaerdacCO-BoRNBP1 aspahdut04a658.406bW85e1 aWulfen, Gijs Vand1960-eautor95884013aLa expedición hacia la informaciónbuna caja de herramientas visual para despertar la creatividad y el ingenio/cGijs Van Wulfen ; traducción Inés Elvira Rocha aPrimera edición 1aBogotá, ColombiabPlaneta Colombiana S.A.c2019 a248 páginasc24 cm bilustraciones a color atextobtxt2rdacontent asin mediaciónbn2rdamedia avolumenbnc2rdacarrier0 aLos exploradores famosos innovan. -- Innove al estilo de las expediciones. -- Toda máquina. -- Observe y aprenda. -- Plantee ideas. -- Pruebe las ideas. -- El regreso. -- Hágalo. -- La caja de herramientas de la innovación aRecomendado para un público mayor de 15 años17aAptitud creadora en los negocios2LEMB92268017aProductos nuevos 2LEMB95884117aPlanificación de la producción2LEMB 91335617aCambio organizacionalxAdministración2LEMB9588421 aRocha, Inés Elviraetraductora958843 2ddccBK c56975d56975 00102ddc40708GENaMEGUAMALbMEGUAMALcGENd2025-02-04l0o658.406 W85epGUA004823r2025-02-26 10:44:59tEj.1w2025-02-26yBK 00102ddc40708GENaMEPLLERASbMEPLLERAScGENd2025-08-12l0o658.406 W85epPLL00070r2025-08-12 14:49:59tEj.1w2025-08-12yBK 00102ddc40708GENaMESGUARObMESGUAROcGENd2025-08-15l0o658.406 W85epSG03950r2025-08-15 21:05:00tEj.1w2025-08-15yBK 00102ddc40708GENaMEMAPIRIbMEMAPIRIcGENd2025-08-22l0o658.406 W85epMAP00004471r2025-08-22 15:41:14tEj.1w2025-08-22yBK 00102ddc40708GENaMECABUYAbMECABUYAcGENd2025-09-26l0o658.406 W85epCAB001289r2025-09-26 19:56:52tEj.1w2025-09-26yBK 00102ddc40708GENaMESMARTIbMESMARTIcGENd2025-10-01l0o658.406 W85epSM04267r2025-10-01 21:28:36tEj.1w2025-10-01yBK 00102ddc40708GENaMECASTILbMECASTILcGENd2025-10-14l0o658.406 W85epEC03100r2025-10-14 20:33:16tEj.1w2025-10-14yBK 00102ddc40708002aMEVIECARbMEVIECARcGENd2026-02-13l0o658.406 W85ep33501r2026-02-13 20:28:44tEj.1w2026-02-13yBK 00102lcc40708GENaMEPCONCObMEPCONCOcGENd2026-02-19l0o658.406 W85epPCON02180r2026-02-19 22:21:00tEj.1w2026-02-19yBK